书目信息 |
| 题名: |
公司化社会与审美文化
|
|
| 作者: | 滕守尧 著 | |
| 分册: | ||
| 出版信息: | 南京 南京出版社 2006.09 |
|
| 页数: | 205页 | |
| 开本: | 25cm | |
| 丛书名: | 艺术教育前沿论丛 | |
| 单 册: | ||
| 中图分类: | J0 | |
| 科图分类: | ||
| 主题词: | 艺术理论--yi shu li lun | |
| 电子资源: | ||
| ISBN: | 7-80718-214-8 | |
| 000 | 00984nam 2200265 450 | |
| 001 | 012008648357 | |
| 005 | 20080509160004.73 | |
| 010 | @a7-80718-214-8@dCNY29.00 | |
| 100 | @a20080508d2006 em y0chiy0120 ea | |
| 101 | 0 | @achi |
| 102 | @aCN@b320000 | |
| 105 | @aa z 000yy | |
| 106 | @ar | |
| 200 | 1 | @a公司化社会与审美文化@Agong si hua she hui yu shen mei wen hua@d= Company society and aesthetic culture@f滕守尧著@Fteng shou yao zhu@zeng |
| 210 | @a南京@c南京出版社@d2006.09 | |
| 215 | @a205页@c图@d25cm | |
| 225 | 2 | @a艺术教育前沿论丛@Ayi shu jiao yu qian yan lun cong |
| 330 | @a本书内容为所谓的后现代社会也是一个公司化社会,在这个社会中,公司权力与国家权力并存,而在对个人的控制方面,公司权力又大于国家权力。 | |
| 410 | 0 | @12001 @a艺术教育前沿论丛 |
| 510 | 1 | @aCompany society and aesthetic culture@zeng |
| 606 | 0 | @a艺术理论@Ayi shu li lun |
| 690 | @aJ0@v4 | |
| 701 | 0 | @a滕守尧@Ateng shou yao@4著 |
| 801 | 0 | @aCN@bQSSK@c20080509 |
| 905 | @b708053-55@dJ0@eT421@f3 | |
| 公司化社会与审美文化= Company society and aesthetic culture/滕守尧著.-南京:南京出版社,2006.09 |
| 205页:图;25cm.-(艺术教育前沿论丛) |
| ISBN 7-80718-214-8:CNY29.00 |
| 本书内容为所谓的后现代社会也是一个公司化社会,在这个社会中,公司权力与国家权力并存,而在对个人的控制方面,公司权力又大于国家权力。 |
| ● |
| 相关链接 |
|
|
|
正题名:公司化社会与审美文化
索取号:J0/T421
 
预约/预借
| 序号 | 登录号 | 条形码 | 馆藏地/架位号 | 状态 | 备注 |
| 1 | 708053 | 207080530 | 社科库309/309社科库 61排2列2层/ [索取号:J0/T421] | 在馆 | |
| 2 | 708054 | 207080549 | 社科库309/309社科库 61排2列2层/ [索取号:J0/T421] | 在馆 | |
| 3 | 708055 | 207080558 | 社科二线400B/309社科库 61排2列2层/ [索取号:J0/T421] | 在馆 |